LIBRARY & INFORMATION CENTRE, KCAET, TAVANUR

ONLINE PUBLIC ACCESS CATALOGUE (OPAC)

Introduction to social welfare / (Record no. 10486)

MARC details
000 -LEADER
fixed length control field 00472cam a2200181ua 4500
041 ## - LANGUAGE CODE
Language code of text/sound track or separate title eng
082 ## - DEWEY DECIMAL CLASSIFICATION NUMBER
Classification number 361
Item number FRI/IN
100 ## - MAIN ENTRY--AUTHOR NAME
Personal name Friedlander, Walter A .
245 ## - TITLE STATEMENT
Title Introduction to social welfare /
250 ## - EDITION STATEMENT
Edition statement 2 /
260 ## - PUBLICATION, DISTRIBUTION, ETC. (IMPRINT)
Place of publication New Delhi :
Name of publisher Prentice Hall of India Pvt Ltd. ,
Year of publication 1961.
300 ## - PHYSICAL DESCRIPTION
Number of Pages 584 ; .
942 ## - ADDED ENTRY ELEMENTS (KOHA)
Koha item type Books
Holdings
Withdrawn status Lost status Damaged status Home library Current library Date acquired Full call number Accession Number Koha item type
Withdrawn     KAUAET Sanskrit University 07/04/2012 361 FRI/IN 10343 Books
free website counter